[Event "AUT-chT2O 1718"]
[Site "Austria"]
[Date "2018.01.14"]
[Round "7.3"]
[White "Steiner, Heinz"]
[Black "Mayrhuber, Nikola"]
[Result "1-0"]
[WhiteElo "2155"]
[BlackElo "2077"]
[PlyCount "101"]
[EventDate "2017.10.21"]
[EventType "team-tourn"]
[EventRounds "11"]
[EventCountry "AUT"]
[SourceTitle "EXT 2019"]
[Source "ChessBase"]
[SourceDate "2018.10.10"]
[SourceVersion "1"]
[SourceVersionDate "2018.10.10"]
[SourceQuality "1"]
[WhiteTeam "Mostarrichi"]
[BlackTeam "Ottakring II"]
[WhiteTeamCountry "AUT"]
[BlackTeamCountry "AUT"]

1. d4 d5 2. Nf3 Nf6 3. Bg5 e6 4. e3 c5 5. c3 Nc6 6. Nbd2 Be7 7. Bd3 h6 8. Bh4 0-0 9. 0-0 b6 10. Qe2 Bb7 11. Rfe1 Qc7 12. e4 dxe4 13. Nxe4 Nxe4 14. Qxe4 g6 15. Qg4 Bxh4 16. Qxh4 Kg7 17. Be4 Ne7 18. Bxb7 Qxb7 19. Qf4 cxd4 20. Qe5+ Kh7 21. Nxd4 Rac8 22. Rad1 Rc5 23. Qf6 Nd5 24. Qf3 Qe7 25. Nb3 Qf6 26. Qxf6 Nxf6 27. Nxc5 bxc5 28. Rd6 Rb8 29. b3 Rc8 30. f3 Kg7 31. Red1 Rc7 32. c4 Kf8 33. Ra6 Nd7 34. a4 Ke7 35. Rad6 Ne5 36. Kf2 Rb7 37. f4 Ng4+ 38. Kf3 Nf6 39. R1d3 Rc7 40. Rd8 Nd7 41. Rh8 h5 42. h3 Nf8 43. g4 hxg4+ 44. hxg4 g5 45. f5 Nd7 46. Re3 Kf6 47. fxe6 Ne5+ 48. Kg3 fxe6 49. Rh6+ Ng6 50. Rf3+ Kg7 51. Rh5 1-0

[Event "AUT-chT2O 1718"]
[Site "Austria"]
[Date "2017.11.19"]
[Round "4.4"]
[White "Hechl, Gerald"]
[Black "Steiner, Heinz"]
[Result "1-0"]
[WhiteElo "2274"]
[BlackElo "2155"]
[PlyCount "99"]
[EventDate "2017.10.21"]
[EventType "team-tourn"]
[EventRounds "11"]
[EventCountry "AUT"]
[SourceTitle "CBM 181 Extra"]
[Source "ChessBase"]
[SourceDate "2017.12.12"]
[SourceVersion "1"]
[SourceVersionDate "2017.12.12"]
[SourceQuality "1"]
[WhiteTeam "Pressbaum"]
[BlackTeam "Mostarrichi"]
[WhiteTeamCountry "AUT"]
[BlackTeamCountry "AUT"]

1. e4 c5 2. a3 e6 3. b4 a6 4. bxc5 Bxc5 5. d4 Be7 6. Bd3 d6 7. Nf3 Nc6 8. 0-0 Bf6 9. c3 Nge7 10. Re1 Ng6 11. Be3 0-0 12. Nbd2 Qc7 13. Rb1 Bd7 14. Qc2 Rfc8 15. a4 Rab8 16. Rec1 Na5 17. c4 b6 18. d5 Qd8 19. Qa2 h6 20. Qa3 Rc5 21. Bxc5 dxc5 22. g3 Nb7 23. Re1 e5 24. Rb2 Nd6 25. a5 b5 26. Qxc5 Be7 27. Qe3 bxc4 28. Rxb8 Qxb8 29. Bxc4 Qb4 30. Bxa6 Qxa5 31. Bf1 Bg4 32. h3 Bd7 33. Rb1 Kh7 34. Qb6 Qc3 35. Qb2 Qc7 36. Qc1 Qa7 37. Ra1 Qb8 38. h4 Bg4 39. Nh2 Bd7 40. h5 Nf8 41. Qc2 Qb4 42. Rb1 Qa3 43. Nc4 Qc5 44. Bd3 Bf6 45. Nxd6 Qxd6 46. Rb7 Bg5 47. Be2 Kg8 48. Bg4 Bxg4 49. Nxg4 Nd7 50. Qc8+ 1-0

[Event "Niederoesterreich Landesliga 1516"]
[Site "Austria"]
[Date "2015.11.08"]
[Round "3.4"]
[White "Wadsack, Winfried"]
[Black "Steiner, Heinz"]
[Result "0-1"]
[WhiteElo "2137"]
[BlackElo "2125"]
[PlyCount "72"]
[EventDate "2015.09.27"]
[EventType "team-tourn"]
[EventRounds "11"]
[EventCountry "AUT"]
[SourceTitle "CBM 170 Extra"]
[Source "ChessBase"]
[SourceDate "2016.02.25"]
[SourceVersion "1"]
[SourceVersionDate "2016.02.25"]
[SourceQuality "1"]
[WhiteTeam "Amstetten"]
[BlackTeam "Mostarrichi"]
[WhiteTeamCountry "AUT"]
[BlackTeamCountry "AUT"]

1. e4 c5 2. c3 d6 3. d4 Nf6 4. dxc5 Nc6 5. f3 d5 6. exd5 Nxd5 7. Bc4 e6 8. Bxd5 exd5 9. Be3 Be7 10. Ne2 0-0 11. 0-0 Ne5 12. Bd4 Ng6 13. b4 b6 14. cxb6 axb6 15. a4 Ba6 16. Nd2 Bd3 17. Nb3 Bc4 18. Rf2 Re8 19. Nd2 Bd3 20. Nc1 Ba6 21. a5 bxa5 22. Rxa5 Bd6 23. g3 Bc7 24. Ra1 Qg5 25. Rg2 Qf5 26. Ncb3 Ne5 27. Nc5 Bb5 28. f4 Nc6 29. Ndb3 Rxa1 30. Qxa1 Qg4 31. Qc1 h5 32. h4 Be2 33. Kh2 g5 34. hxg5 h4 35. Be3 Qf3 36. Bf2 h3 0-1

[Event "Niederoesterreich Landesliga 1415"]
[Site "Austria"]
[Date "2015.03.15"]
[Round "10.4"]
[White "Sulzgruber, Robin"]
[Black "Steiner, Heinz"]
[Result "1-0"]
[WhiteElo "1973"]
[BlackElo "2108"]
[PlyCount "75"]
[EventDate "2014.10.05"]
[EventType "team-tourn"]
[EventRounds "11"]
[EventCountry "AUT"]
[SourceTitle "EXT 2016"]
[Source "ChessBase"]
[SourceDate "2015.10.08"]
[SourceVersion "1"]
[SourceVersionDate "2015.10.08"]
[SourceQuality "1"]
[WhiteTeam "Bisamberg/Korneuburg"]
[BlackTeam "Mostarrichi"]
[WhiteTeamCountry "AUT"]
[BlackTeamCountry "AUT"]

1. e4 c5 2. c3 d6 3. d4 Nf6 4. Bd3 Nc6 5. Nf3 g6 6. h3 Bg7 7. Be3 b6 8. 0-0 0-0 9. Nbd2 cxd4 10. cxd4 Nb4 11. Bc4 Bb7 12. a3 Nc6 13. d5 Nb8 14. Re1 Nbd7 15. Bd4 a6 16. a4 a5 17. Nb1 Rc8 18. Bb5 Nc5 19. Nc3 e6 20. dxe6 fxe6 21. Ng5 Qe7 22. Bc4 h6 23. e5 hxg5 24. exf6 Bxf6 25. Bxc5 Rxc5 26. Rxe6 Qf7 27. Rxf6 Qxc4 28. Rxf8+ Kxf8 29. Qxd6+ Kg7 30. Re1 Rf5 31. Re7+ Rf7 32. Re6 Qf4 33. Rxg6+ Kh7 34. Rh6+ Kg7 35. Rg6+ Kh7 36. Qxf4 gxf4 37. Rxb6 f3 38. g4 1-0

[Event "Niederoesterreich Landesliga 1213"]
[Site "Austria"]
[Date "2012.11.11"]
[Round "3"]
[White "Steiner, Heinz"]
[Black "Infuehr, Jakob"]
[Result "1-0"]
[WhiteElo "2058"]
[BlackElo "1848"]
[PlyCount "79"]
[EventDate "2012.09.30"]
[EventType "team-tourn"]
[EventRounds "7"]
[EventCountry "AUT"]
[SourceTitle "EXT 2022"]
[Source "ChessBase"]
[SourceDate "2021.10.06"]
[SourceVersion "1"]
[SourceVersionDate "2021.10.06"]
[SourceQuality "1"]

1. d4 Nf6 2. c4 e6 3. Nf3 b6 4. g3 Ba6 5. Nbd2 Bb7 6. Bg2 d5 7. 0-0 Be7 8. Ne5 0-0 9. Qc2 c5 10. dxc5 Bxc5 11. cxd5 exd5 12. Nb3 Bd6 13. Bf4 Nh5 14. Qf5 Nxf4 15. gxf4 Bxe5 16. fxe5 Qd7 17. Qd3 Na6 18. Rac1 Nc7 19. Rfd1 f6 20. Qc3 Nb5 21. Qg3 fxe5 22. Qxe5 Rf5 23. Qg3 Rf7 24. a4 Nc7 25. Nd4 Raf8 26. Bh3 Qe7 27. Nf5 Qxe2 28. Nh6+ Kh8 29. Nxf7+ Rxf7 30. Re1 Qd2 31. Qxc7 Qxf2+ 32. Kh1 h6 33. Qg3 d4+ 34. Bg2 d3 35. Qxf2 Rxf2 36. Bxb7 d2 37. Rc8+ Kh7 38. Be4+ g6 39. Rd1 Re2 40. Bf3 1-0

[Event "Niederoesterreich Landesliga 1112"]
[Site "Austria"]
[Date "2012.03.11"]
[Round "9"]
[White "Steiner, Heinz"]
[Black "Sadilek, Maximilian"]
[Result "0-1"]
[WhiteElo "2083"]
[BlackElo "2187"]
[PlyCount "42"]
[EventDate "2011.09.18"]
[EventType "team-tourn"]
[EventRounds "11"]
[EventCountry "AUT"]
[SourceTitle "EXT 2022"]
[Source "ChessBase"]
[SourceDate "2021.10.06"]
[SourceVersion "1"]
[SourceVersionDate "2021.10.06"]
[SourceQuality "1"]

1. d4 g6 2. c4 Bg7 3. Nc3 d6 4. e4 Nd7 5. Nf3 e5 6. Be2 Ngf6 7. 0-0 0-0 8. dxe5 dxe5 9. Qc2 c6 10. b3 Re8 11. Ne1 Nc5 12. Nf3 Ne6 13. Rd1 Nd4 14. Nxd4 exd4 15. f3 Qb6 16. Na4 d3+ 17. Nxb6 dxc2 18. Nxa8 cxd1Q+ 19. Bxd1 Bd7 20. Nc7 Rc8 21. Bf4 Nh5 0-1

[Event "Niederoesterreich Landesliga 1112"]
[Site "Austria"]
[Date "2012.01.29"]
[Round "7"]
[White "Steiner, Heinz"]
[Black "Lovrinovic, Christian"]
[Result "1/2-1/2"]
[WhiteElo "2083"]
[BlackElo "2166"]
[PlyCount "36"]
[EventDate "2011.09.18"]
[EventType "team-tourn"]
[EventRounds "11"]
[EventCountry "AUT"]
[SourceTitle "EXT 2022"]
[Source "ChessBase"]
[SourceDate "2021.10.06"]
[SourceVersion "1"]
[SourceVersionDate "2021.10.06"]
[SourceQuality "1"]

1. d4 Nf6 2. c4 g6 3. Nc3 Bg7 4. e4 d6 5. Nf3 0-0 6. Be2 e5 7. 0-0 Nc6 8. h3 exd4 9. Nxd4 Re8 10. Nxc6 bxc6 11. Bd3 Nd7 12. Be3 Ne5 13. Rc1 Nxd3 14. Qxd3 Be6 15. Bd4 f6 16. Ne2 Qe7 17. Ng3 Bf7 18. Rfe1 Rad8 1/2-1/2

[Event "Niederoesterreich Landesliga 1011"]
[Site "Austria"]
[Date "2011.03.20"]
[Round "12"]
[White "Wiedermann, Daniel"]
[Black "Steiner, Heinz"]
[Result "1-0"]
[WhiteElo "2154"]
[BlackElo "2115"]
[PlyCount "55"]
[EventDate "2010.09.12"]
[EventType "team-tourn"]
[EventRounds "13"]
[EventCountry "AUT"]
[SourceTitle "EXT 2022"]
[Source "ChessBase"]
[SourceDate "2021.10.06"]
[SourceVersion "1"]
[SourceVersionDate "2021.10.06"]
[SourceQuality "1"]

1. d4 c5 2. d5 d6 3. c4 e6 4. Nc3 Nf6 5. e4 exd5 6. cxd5 Be7 7. f4 0-0 8. Bd3 Nbd7 9. Nf3 Qc7 10. 0-0 a6 11. a4 Rb8 12. Re1 c4 13. Bc2 Nc5 14. e5 Ne8 15. Nd4 g6 16. Qe2 Nd7 17. e6 Ndf6 18. f5 Qc5 19. exf7+ Rxf7 20. fxg6 hxg6 21. Be3 Nxd5 22. Bxg6 Rg7 23. Ne6 Qxe3+ 24. Qxe3 Nxe3 25. Nxg7 Nxg7 26. Rxe3 Bf6 27. Rd1 Be5 28. Rxe5 1-0

[Event "Niederoesterreich Landesliga 1011"]
[Site "Austria"]
[Date "2010.10.10"]
[Round "3"]
[White "Strobel, Ferdinand"]
[Black "Steiner, Heinz"]
[Result "1-0"]
[WhiteElo "2026"]
[BlackElo "2115"]
[PlyCount "91"]
[EventDate "2010.09.12"]
[EventType "team-tourn"]
[EventRounds "13"]
[EventCountry "AUT"]
[SourceTitle "EXT 2022"]
[Source "ChessBase"]
[SourceDate "2021.10.06"]
[SourceVersion "1"]
[SourceVersionDate "2021.10.06"]
[SourceQuality "1"]

1. f4 c5 2. Nf3 Nc6 3. g3 g6 4. Bg2 Bg7 5. 0-0 Nf6 6. d3 d5 7. Nc3 0-0 8. e4 d4 9. Ne2 e5 10. f5 Ng4 11. h3 Ne3 12. Bxe3 dxe3 13. Nh2 f6 14. Ng4 Qb6 15. b3 h5 16. Nh2 Qa5 17. fxg6 Ne7 18. Kh1 Nxg6 19. Nf3 Be6 20. Neg1 b5 21. a4 b4 22. Nh4 Nxh4 23. gxh4 Bh6 24. Qxh5 Kh7 25. Rf3 Bf7 26. Qf5+ Bg6 27. Qg4 Qd8 28. h5 Be8 29. h4 Qc8 30. Rf5 Bf4 31. Ne2 Rg8 32. Qf3 Bd7 33. Bh3 Bh6 34. Rg1 Rxg1+ 35. Nxg1 Qg8 36. Rxf6 Bxh3 37. Qxh3 Qg7 38. Qf5+ Kh8 39. Rf7 Rf8 40. Rxf8+ Qxf8 41. Qxf8+ Bxf8 42. Kg2 Bh6 43. Kf3 Kg7 44. Ne2 Kf6 45. Ng3 Bf4 46. Nf5 1-0

[Event "Niederoesterreich Landesliga 1011"]
[Site "Austria"]
[Date "2010.09.12"]
[Round "1"]
[White "Sadilek, Maximilian"]
[Black "Steiner, Heinz"]
[Result "1-0"]
[WhiteElo "2183"]
[BlackElo "2115"]
[PlyCount "83"]
[EventDate "2010.09.12"]
[EventType "team-tourn"]
[EventRounds "13"]
[EventCountry "AUT"]
[SourceTitle "EXT 2022"]
[Source "ChessBase"]
[SourceDate "2021.10.06"]
[SourceVersion "1"]
[SourceVersionDate "2021.10.06"]
[SourceQuality "1"]

1. e4 c5 2. Nf3 e6 3. Nc3 a6 4. g3 Nc6 5. Bg2 b5 6. 0-0 Nd4 7. Nxd4 cxd4 8. e5 Rb8 9. Ne4 d5 10. exd6 f5 11. Nc5 Bxd6 12. Nb3 Qf6 13. c3 e5 14. cxd4 exd4 15. d3 Ne7 16. Qh5+ g6 17. Qg5 Kf7 18. Qxf6+ Kxf6 19. Nxd4 Rd8 20. Nf3 Bb7 21. Bg5+ Kf7 22. Rac1 Rd7 23. d4 Rc7 24. Ne5+ Ke6 25. Rxc7 Bxc7 26. Re1 Be4 27. Bxe4 fxe4 28. Bxe7 Bxe5 29. Rxe4 Kxe7 30. dxe5 Ke6 31. f4 Rd8 32. Kf2 Rd2+ 33. Re2 Rd1 34. Ke3 a5 35. Ke4 b4 36. b3 Ra1 37. Kd3 Rc1 38. Rc2 Rd1+ 39. Kc4 Rd5 40. g4 h6 41. f5+ gxf5 42. gxf5+ 1-0

[Event "AUT-chT2O 0102"]
[Site "Austria"]
[Date "2002.02.16"]
[Round "8.5"]
[White "Todor, Razvan"]
[Black "Steiner, Heinz"]
[Result "1-0"]
[WhiteElo "2235"]
[BlackElo "2161"]
[PlyCount "79"]
[EventDate "2001.11.??"]
[EventType "team"]
[EventRounds "11"]
[EventCountry "AUT"]
[SourceTitle "EXT 2003"]
[Source "ChessBase"]
[SourceDate "2002.11.25"]
[SourceVersion "1"]
[SourceVersionDate "2002.11.25"]
[SourceQuality "1"]

1. e4 c5 2. c3 g6 3. d4 cxd4 4. cxd4 d5 5. exd5 Nf6 6. Bb5+ Nbd7 7. Nc3 a6 8. Be2 Nb6 9. Bf3 Nbxd5 10. Nge2 Bg7 11. Qb3 Nb6 12. d5 0-0 13. Be3 Nbd7 14. Bf4 Ne8 15. 0-0 Ne5 16. Be4 Nd6 17. Rac1 Bd7 18. Bb1 b5 19. Rfe1 Nec4 20. Ng3 Rc8 21. Bd3 e5 22. dxe6 Bxe6 23. Bxc4 Nxc4 24. Qb4 Re8 25. Nce4 Qb6 26. a4 bxa4 27. Rxc4 Qxb4 28. Rxb4 Bb3 29. Re2 a5 30. Rb7 h6 31. h4 Bd5 32. Rc7 Rb8 33. Rc5 Rbd8 34. Nc3 Bb3 35. Rxe8+ Rxe8 36. Nge2 Bf8 37. Rxa5 Bb4 38. Rb5 Bf8 39. Rb8 Re6 40. Bxh6 1-0

[Event "AUT-chT2O 0102"]
[Site "Austria"]
[Date "2001.11.18"]
[Round "5.5"]
[White "Hansen, Kay"]
[Black "Steiner, Heinz"]
[Result "1/2-1/2"]
[WhiteElo "2236"]
[BlackElo "2161"]
[PlyCount "131"]
[EventDate "2001.11.??"]
[EventType "team"]
[EventRounds "11"]
[EventCountry "AUT"]
[SourceTitle "EXT 2003"]
[Source "ChessBase"]
[SourceDate "2002.11.25"]
[SourceVersion "1"]
[SourceVersionDate "2002.11.25"]
[SourceQuality "1"]

1. d4 Nf6 2. Bg5 Ne4 3. Bf4 c5 4. dxc5 Qa5+ 5. c3 Qxc5 6. e3 e5 7. Bg3 Be7 8. Nd2 Nxd2 9. Qxd2 Nc6 10. Nf3 d6 11. b4 Qb6 12. Bc4 Bf5 13. 0-0 g5 14. Bd5 Qd8 15. e4 Be6 16. Rfd1 h5 17. Qb2 Qd7 18. h4 g4 19. Ne1 Bxd5 20. Rxd5 Qe6 21. Rad1 0-0 22. Qe2 Nb8 23. Nc2 Nd7 24. Ne3 Nf6 25. Rb5 Nxe4 26. Nd5 Nxg3 27. fxg3 Rab8 28. Qd3 Bd8 29. Ne3 Bb6 30. Kh2 Bxe3 31. Qxe3 a6 32. Rbd5 Rfd8 33. Qb6 Qe7 34. c4 Rbc8 35. c5 Rc6 36. Qa5 Rd7 37. Qa3 Qe6 38. Qe3 Kf8 39. R1d2 Qg6 40. a4 Qe6 41. Qd3 Ke7 42. Qe3 f6 43. Qe4 Kd8 44. Qg6 Qf7 45. Qf5 Kc7 46. Rd1 a5 47. cxd6+ Rdxd6 48. Rxd6 Rxd6 49. Qc2+ Rc6 50. Qd2 Qe7 51. b5 Rd6 52. Qxa5+ Kd7 53. Rc1 Ke6 54. Qa7 f5 55. a5 f4 56. Qf2 Rd3 57. Qa2+ Kf5 58. gxf4 g3+ 59. Kg1 exf4 60. Qc2 Qe3+ 61. Kf1 Kg4 62. Re1 Qd4 63. Qe2+ Kxh4 64. Qe7+ Kg4 65. Qe6+ Kh4 66. Qe7+ 1/2-1/2

[Event "AUT-chT2O 0001"]
[Site "Austria"]
[Date "2001.??.??"]
[Round "6"]
[White "Voegel, Wolfgang"]
[Black "Steiner, Heinz"]
[Result "0-1"]
[WhiteElo "2170"]
[BlackElo "2150"]
[PlyCount "82"]
[EventDate "2000.??.??"]
[EventType "team"]
[EventRounds "11"]
[EventCountry "AUT"]
[SourceTitle "EXT 2003"]
[Source "ChessBase"]
[SourceDate "2002.11.25"]
[SourceVersion "1"]
[SourceVersionDate "2002.11.25"]
[SourceQuality "1"]

1. d4 Nf6 2. Nf3 g6 3. c4 Bg7 4. Nc3 d6 5. e4 0-0 6. Be2 Na6 7. 0-0 c5 8. d5 Nc7 9. Nd2 e6 10. Kh1 a6 11. a4 Rb8 12. a5 exd5 13. cxd5 Re8 14. f4 Bd7 15. Qc2 Nb5 16. Nxb5 Bxb5 17. Bc4 Qd7 18. Ra3 Bxc4 19. Qxc4 Qb5 20. Ra4 b6 21. axb6 Rxb6 22. b3 Ng4 23. Rf3 Bd4 24. h3 Nf2+ 25. Kh2 Nxe4 26. Nxe4 Rxe4 27. Qxb5 axb5 28. Ra8+ Kg7 29. Bd2 b4 30. f5 Rb7 31. Rd8 Bf6 32. Ra8 c4 33. fxg6 Be5+ 34. Kg1 hxg6 35. bxc4 Rxc4 36. Ra4 Rd4 37. Be3 Rd1+ 38. Kf2 b3 39. Rh4 b2 40. Bh6+ Kg8 41. Ra3 b1Q 0-1

[Event "AUT-chT2O 0001"]
[Site "Austria"]
[Date "2000.??.??"]
[Round "3"]
[White "Angerer, Michael"]
[Black "Steiner, Heinz"]
[Result "1-0"]
[WhiteElo "2045"]
[BlackElo "2150"]
[PlyCount "69"]
[EventDate "2000.??.??"]
[EventType "team"]
[EventRounds "11"]
[EventCountry "AUT"]
[SourceTitle "EXT 2003"]
[Source "ChessBase"]
[SourceDate "2002.11.25"]
[SourceVersion "1"]
[SourceVersionDate "2002.11.25"]
[SourceQuality "1"]

1. e4 c5 2. Nf3 e6 3. c3 Nf6 4. Bd3 d5 5. e5 Ne4 6. Bxe4 dxe4 7. Qa4+ Bd7 8. Qxe4 Bc6 9. Qe2 Nd7 10. d4 Nb6 11. 0-0 Qd5 12. Rd1 0-0-0 13. Be3 Be7 14. Nbd2 cxd4 15. Bxd4 g5 16. c4 Qa5 17. Ne4 g4 18. Neg5 Bxg5 19. Nxg5 Rhg8 20. Nxf7 Bf3 21. Bxb6 Rxd1+ 22. Qxd1 Qxb6 23. Qd2 Bc6 24. b4 Rf8 25. c5 Qc7 26. Nd6+ Kb8 27. a4 Qg7 28. Qd4 Bd5 29. b5 Qg5 30. a5 Qf4 31. Rd1 h5 32. Qxf4 Rxf4 33. Rxd5 exd5 34. e6 Rb4 35. f3 1-0

[Event "AUT-chT2O 0001"]
[Site "Austria"]
[Date "2000.??.??"]
[Round "?"]
[White "Steiner, Heinz"]
[Black "Holzer, Gerhard"]
[Result "1-0"]
[WhiteElo "2144"]
[BlackElo "2282"]
[PlyCount "75"]
[EventDate "2000.??.??"]
[EventType "team"]
[EventRounds "11"]
[EventCountry "AUT"]
[SourceTitle "EXT 2002"]
[Source "ChessBase"]
[SourceDate "2001.11.25"]
[SourceVersion "1"]
[SourceVersionDate "2001.11.25"]
[SourceQuality "1"]

1. d4 Nf6 2. Nf3 g6 3. g3 Bg7 4. Bg2 0-0 5. 0-0 d6 6. c4 Nbd7 7. Nc3 e5 8. e4 exd4 9. Nxd4 Nc5 10. h3 Re8 11. Re1 a5 12. Rb1 Nfd7 13. Be3 Ne5 14. b3 Bd7 15. Qc2 Ncd3 16. Rf1 Nb4 17. Qe2 Nbc6 18. Ndb5 f5 19. f4 Nf7 20. Nd5 Rc8 21. exf5 Bxf5 22. Rbd1 Ne7 23. Qd2 Nxd5 24. cxd5 Qd7 25. Nd4 Bxh3 26. Bf2 Bxg2 27. Kxg2 c6 28. Qxa5 Ra8 29. Qd2 cxd5 30. a4 Re4 31. Nb5 Qg4 32. Qxd5 Rxf4 33. Bb6 Be5 34. Rxf4 Bxf4 35. Bf2 Rf8 36. Rd4 g5 37. Nxd6 Bxd6 38. Rxg4 1-0

[Event "AUT-chT2O 0001"]
[Site "Austria"]
[Date "2000.??.??"]
[Round "?"]
[White "Steiner, Heinz"]
[Black "Sulyok, Michael"]
[Result "0-1"]
[WhiteElo "2140"]
[BlackElo "2205"]
[PlyCount "96"]
[EventDate "2000.??.??"]
[EventType "team"]
[EventRounds "11"]
[EventCountry "AUT"]
[SourceTitle "EXT 2003"]
[Source "ChessBase"]
[SourceDate "2002.11.25"]
[SourceVersion "1"]
[SourceVersionDate "2002.11.25"]
[SourceQuality "1"]

1. c4 d6 2. g3 f5 3. Bg2 Nf6 4. d4 g6 5. Nc3 Bg7 6. Qc2 0-0 7. e4 fxe4 8. Nxe4 Nxe4 9. Qxe4 Nc6 10. Ne2 Bf5 11. Qh4 e5 12. Bg5 Bf6 13. Bxf6 Qxf6 14. Qxf6 Rxf6 15. Bxc6 bxc6 16. dxe5 dxe5 17. Rd1 Bg4 18. h3 Bf3 19. Rh2 Rd6 20. Rxd6 cxd6 21. Ng1 e4 22. Kd2 Rb8 23. b3 Rf8 24. Ne2 Bxe2 25. Kxe2 Rf3 26. Rh1 Kf7 27. Rd1 Ke6 28. Rc1 a5 29. h4 Ke5 30. Rc2 h6 31. Rc1 g5 32. hxg5 hxg5 33. Rc2 g4 34. Rc1 e3 35. fxe3 Rxg3 36. Kf2 Rf3+ 37. Ke2 Ke4 38. Rg1 Rxe3+ 39. Kf2 Rf3+ 40. Ke2 Re3+ 41. Kf2 g3+ 42. Rxg3 Rxg3 43. Kxg3 Kd4 44. Kf4 Kc3 45. Ke4 Kb2 46. Kd4 Kxa2 47. c5 dxc5+ 48. Kc4 Kb2 0-1

[Event "AUT-chT2O 9899"]
[Site "Austria"]
[Date "1998.11.14"]
[Round "3"]
[White "Steiner, Heinz"]
[Black "Vokroj, Rene"]
[Result "1/2-1/2"]
[WhiteElo "2165"]
[BlackElo "2265"]
[PlyCount "50"]
[EventDate "1998.10.??"]
[EventType "team"]
[EventRounds "11"]
[EventCountry "AUT"]
[SourceTitle "EXT 2000"]
[Source "ChessBase"]
[SourceDate "1999.11.16"]
[SourceVersion "1"]
[SourceVersionDate "1999.11.16"]
[SourceQuality "1"]

1. d4 Nf6 2. Nf3 d6 3. g3 g6 4. Bg2 Bg7 5. 0-0 0-0 6. c4 Nbd7 7. Nc3 e5 8. e4 Qe7 9. h3 c6 10. Be3 exd4 11. Nxd4 Nc5 12. Qc2 Re8 13. f3 a5 14. Rfe1 Nh5 15. g4 Nf6 16. Rad1 Nfd7 17. b3 Nf8 18. Qd2 Be6 19. f4 Rad8 20. f5 Bc8 21. Bf2 g5 22. Nb1 a4 23. b4 Ncd7 24. Nc3 Ne5 25. Qe2 Bd7 1/2-1/2

[Event "AUT-chT2O 9495"]
[Site "Austria"]
[Date "1995.??.??"]
[Round "?"]
[White "Steiner, Heinz"]
[Black "Ganaus, Hannes"]
[Result "1-0"]
[WhiteElo "2140"]
[BlackElo "2245"]
[PlyCount "69"]
[EventDate "1994.??.??"]
[EventType "team"]
[EventRounds "11"]
[EventCountry "AUT"]
[SourceTitle "EXT 1999"]
[Source "ChessBase"]
[SourceDate "1998.11.16"]
[SourceVersion "1"]
[SourceVersionDate "1998.11.16"]
[SourceQuality "1"]

1. e4 g6 2. Nf3 Bg7 3. d4 c6 4. a4 d5 5. Nc3 Bg4 6. e5 Nh6 7. Be2 0-0 8. 0-0 Bxf3 9. Bxf3 e6 10. Ne2 Nf5 11. c3 c5 12. Bg4 cxd4 13. Bxf5 exf5 14. cxd4 Nc6 15. b3 Qd7 16. Be3 Nd8 17. Rc1 Ne6 18. Qd3 Rfc8 19. f4 Bf8 20. h3 Rxc1 21. Rxc1 Rc8 22. Rxc8 Qxc8 23. Kf2 Be7 24. Ke1 Qc6 25. Kd1 a6 26. g4 Ng7 27. Bd2 h5 28. gxh5 Nxh5 29. Qf3 b5 30. Nc3 Qe8 31. axb5 Bb4 32. bxa6 Bxc3 33. Qxc3 Ng7 34. a7 Qa8 35. Qc7 1-0

[Event "AUT-chT2O 9495"]
[Site "Austria"]
[Date "1995.??.??"]
[Round "?"]
[White "Steiner, Heinz"]
[Black "Wallner, Alfred"]
[Result "1-0"]
[WhiteElo "2140"]
[BlackElo "2225"]
[PlyCount "89"]
[EventDate "1994.??.??"]
[EventType "team"]
[EventRounds "11"]
[EventCountry "AUT"]
[SourceTitle "EXT 1999"]
[Source "ChessBase"]
[SourceDate "1998.11.16"]
[SourceVersion "1"]
[SourceVersionDate "1998.11.16"]
[SourceQuality "1"]

1. e4 c5 2. c3 d5 3. exd5 Qxd5 4. d4 Nc6 5. Nf3 e5 6. Nxe5 Nxe5 7. dxe5 Qxe5+ 8. Be2 Bd7 9. Be3 0-0-0 10. Nd2 Nf6 11. Bf3 Qc7 12. 0-0 h5 13. g3 Bc6 14. Bxc6 Qxc6 15. Qf3 Nd5 16. Ne4 Nxe3 17. fxe3 Be7 18. Qf5+ Kb8 19. Rad1 f6 20. c4 g6 21. Rxd8+ Rxd8 22. Qxg6 h4 23. Qf5 hxg3 24. hxg3 Rh8 25. Rd1 Qa4 26. Nc3 Qxc4 27. Rd7 Bd8 28. Qf3 Bc7 29. Qxf6 Rg8 30. Rg7 Bxg3 31. Qg6 Rxg7 32. Qxg7 Bd6 33. Qd7 Qg8+ 34. Kf1 Qf8+ 35. Ke2 c4 36. Qe6 Bg3 37. Ne4 Qh8 38. Nxg3 Qxb2+ 39. Kf3 b5 40. Ne4 Qb4 41. Qd7 Qb1 42. Nd6 Qh1+ 43. Kf4 Qh2+ 44. Ke4 Qh4+ 45. Kd5 1-0